Normal view
MARC view
- قدم لها وشرح غوامضها عبده،محمد
Entry Personal Name
001 - CONTROL NUMBER
- control field: 27117
003 - CONTROL NUMBER IDENTIFIER
- control field: JO-AjAnu
005 - DATE AND TIME OF LATEST TRANSACTION
- control field: 20230606074618.0
008 - FIXED-LENGTH DATA ELEMENTS
- fixed length control field: 230606|| aca||aabn | a|a d
040 ## - CATALOGING SOURCE
- Original cataloging agency: JO-AjAnu
- Transcribing agency: JO-AjAnu
100 ## - HEADING--PERSONAL NAME
- Personal name: قدم لها وشرح غوامضها عبده،محمد
670 ## - SOURCE DATA FOUND
- Source citation: Work cat.: (JO-AjAnu)13928: قدم لها وشرح غوامضها عبده،محمد, author, مقامات بديع الزمان الهمذاني أبي الفضل أحمد بن الحسين بن يحيى المتوفى سنة 398 هـ